000
00220nam a22001097a 4500
020
_a
0-7497-1245-7
082
_a
823
_b
COL/S
100
_a
COLE, BABETTE
245
_a
SUPERMOO
650
_a
ENGLISH SHORT STORY
942
_c
BK
999
_c
3272
_d
3272